| 000 | 01545nam0a22003011 4500 | ||
|---|---|---|---|
| 001 | rc\1807837 | ||
| 005 | 20260406014223.0 | ||
| 035 | _a(NLR Aleph) 005286057 | ||
| 090 |
_a6144849 _c6144849 |
||
| 100 | _a20071224d1906 |||y0rusy50 ca | ||
| 101 | 0 | _arus | |
| 102 | _aRU | ||
| 105 | _aac z ||||| | ||
| 200 | 1 |
_aПравославный русский деятель _eНастоятель Киево-Лукьянов. св. Феодора церкви свящ. Константин Петрович Терлецкий ([ум.] 11 апр. 1905 г.) _eС портр. почившего и 4 рис. в тексте _fПроф. П.В. Никольский и свящ. М. Алабовский |
|
| 210 |
_aКиев _cКиев. православ. религиозно-просвет. о-во _d1906 |
||
| 215 |
_a44 с. _cил., портр. _d23 |
||
| 532 | 1 | 3 | _aПравославный русский деятель |
| 700 | 1 |
_8rus _7ca _aНикольский _bП. В. _cдерматовенеролог _f1858-1940 _gПетр Васильевич _3RU\NLR\AUTH\77119724 _9102649 |
|
| 701 | 1 |
_8rus _7ca _aАлабовский _bМ. П. _f1874-1937 _gМихаил Петрович _3RU\NLR\AUTH\7771996 _954924 |
|
| 702 | 1 |
_aТерлецкий _bК.П. _f-1905 _gКонстантин Петрович _4570 |
|
| 801 | 0 |
_aRU _bNLR _c20071224 _gpsbo |
|
| 801 | 0 |
_aRU _bRuMoRGB _c20071224 _2psbo |
|
| 801 | 1 |
_aRU _bProSoft-M _c20071224 _2rusmarc |
|
| 801 | 2 |
_aRU _bNLR _c20081221 _2rusmarc |
|
| 852 |
_aNLR _j34.50.4.775 |
||
| 942 | _cBOOK | ||
| 980 | _aNB | ||